000 00554aam a2200217 4500
005 20260325165736.0
008 150717b1978 xxu||||| |||| 00| 0 spa d
041 _aEspañol
082 _a364.36 D999m
100 _aD'Antonio, Daniel Hugo
_914381
245 _aEl menor ante el delito
260 _aArgentina
260 _bAstrea
260 _c1978
300 _a185 páginas
490 _aInvestigación Criminal
650 _aDELINCUENCIA JUVENIL
650 _aCONDUCTA JUVENIL DESVIADA
650 _aPSICOLOGIA CRIMINAL
942 _cBK
_2ddc
999 _c72
_d72